A team come true- geets by Talat Aziz and Penaaz Masani / (Record no. 46675)

MARC details
000 -LEADER
fixed length control field 01323nji a22003017a 4500
005 - DATE AND TIME OF LATEST TRANSACTION
control field 20100918111523.0
006 - FIXED-LENGTH DATA ELEMENTS--ADDITIONAL MATERIAL CHARACTERISTICS--GENERAL INFORMATION
fixed length control field a|||||r|||||00| 0
007 - PHYSICAL DESCRIPTION FIXED FIELD--GENERAL INFORMATION
fixed length control field sd ammalaaahaa
008 - FIXED-LENGTH DATA ELEMENTS--GENERAL INFORMATION
fixed length control field 100830t xxu||||| |||| 00| 0 eng d
028 ## - PUBLISHER NUMBER
Publisher number 2393 847
Source MUSIC INDIA
035 ## - SYSTEM CONTROL NUMBER
System control number GR-03485
040 ## - CATALOGING SOURCE
Original cataloging agency SED
Transcribing agency SED
100 ## - MAIN ENTRY--PERSONAL NAME
9 (RLIN) 17455
Personal name Talat Aziz
245 ## - TITLE STATEMENT
Title A team come true- geets by Talat Aziz and Penaaz Masani /
Statement of responsibility, etc sung by Talat Aziz [and] Penaaz Masani; music and lyric by Raghunath Seth
Medium [sound recording] :
246 ## - VARYING FORM OF TITLE
Title proper/short title ए टीम कम ट्रु- गीत्स बाय तलत अज़ीज़ एंड पेनाज़ मसानी /
260 ## - PUBLICATION, DISTRIBUTION, ETC. (IMPRINT)
Place of publication, distribution, etc Dum Dum, India
Name of publisher, distributor, etc MUSIC INDIA
Date of publication, distribution, etc 1982
300 ## - PHYSICAL DESCRIPTION
Extent 1 sound disc [Gramophone Recording]:
Other physical details analog, 33 1/3 rpm
Dimensions 12.5 in. (LP)
Type of unit Gramophone Record
500 ## - GENERAL NOTE
General note Brief Record
500 ## - GENERAL NOTE
General note Record labels : MUSIC INDIA, White
505 ## - FORMATTED CONTENTS NOTE
Formatted contents note Side-1 (Yeh bahaar keh rahi hai) (Talat Aziz [and] Penaaz Masani) Side-2 (Rut aaj suhani hai) (Talat Aziz [and] Penaaz Masani)
600 ## - SUBJECT ADDED ENTRY--PERSONAL NAME
Personal name Talat Aziz
9 (RLIN) 20359
650 ## - SUBJECT ADDED ENTRY--TOPICAL TERM
Topical term or geographic name as entry element Classical Music
Geographic subdivision India
9 (RLIN) 1186
General subdivision Excerpts
650 ## - SUBJECT ADDED ENTRY--TOPICAL TERM
Topical term or geographic name as entry element Ghazals
9 (RLIN) 20630
700 ## - ADDED ENTRY--PERSONAL NAME
Personal name Masani, Penaaz
9 (RLIN) 20360
700 ## - ADDED ENTRY--PERSONAL NAME
Personal name Raghunath Seth
9 (RLIN) 20634
942 ## - ADDED ENTRY ELEMENTS (KOHA)
Source of classification or shelving scheme Dewey Decimal Classification
Item type Gramaphone Records
Holdings
Withdrawn status Lost status Source of classification or shelving scheme Damaged status Not for loan Collection code Home library Current library Date acquired Source of acquisition Total Checkouts Barcode Date last seen Copy number Price effective from Koha item type
    Dewey Decimal Classification   Not For Loan Non-fiction Central Library Central Library 18/09/2010 SED/VEN   GR-03485 18/09/2010 1 18/09/2010 Gramaphone Records

© Delhi Public Library
Hit Counter
free hit counter